Loading...
| Beliefs | 13 | 10.77 | 1,108% | 277% | 185% |
| Current Events | 3 | 6.67 | 1,200% | 0% | 200% |
| Fine Arts - Auditory | 6 | 21.67 | 2,400% | 300% | 600% |
| Fine Arts - Other Arts | 1 | 10.00 | 0% | 600% | 0% |
| Fine Arts - Visual | 5 | 16.00 | 1,440% | 480% | 240% |
| Geography | 1 | 10.00 | 0% | 0% | 600% |
| History - American | 6 | 15.00 | 2,400% | 300% | 200% |
| History - European | 4 | 25.00 | 3,600% | 450% | 450% |
| History - World | 4 | 12.50 | 1,800% | 450% | 0% |
| Literature - American | 4 | 12.50 | 0% | 300% | 450% |
| Literature - British | 6 | 11.67 | 2,400% | 100% | 200% |
| Literature - European | 4 | 12.50 | 900% | 150% | 450% |
| Other Academic | 2 | 20.00 | 1,800% | 600% | 300% |
| Other Arts: Auditory | 4 | 17.50 | 1,800% | 450% | 300% |
| Other Arts: Visual | 2 | 10.00 | 1,800% | 300% | 0% |
| Other Science: Earth Science | 2 | 10.00 | 1,800% | 0% | 300% |
| Other Science: Math | 3 | 16.67 | 2,400% | 200% | 400% |
| Philosophy | 7 | 20.00 | 2,057% | 343% | 514% |
| Science - Biology | 3 | 20.00 | 2,400% | 400% | 400% |
| Science - Chemistry | 3 | 16.67 | 1,200% | 600% | 200% |
| Science - Physics | 4 | 15.00 | 1,800% | 300% | 300% |
| Social Science | 4 | 15.00 | 900% | 300% | 450% |
| 7 | 12.86 | 1,543% | 257% | 257% |